000 00521nam a22002297a 4500
003 UA-OsUOA
001 22607
007 ta
008 20031223b un ||||| |||| 00| 0 ukr d
090 _a161.2
_bМ54
942 _cBK
040 _aUA-OsUOA
_brus
_cUA-OsUOA
_dUA-OsUOA
245 _aМетоды логического анализа
300 _a264 с.
955 _a0
041 _arus
080 _a161.2
260 _aМосква
_bНаука
_c1977
044 _aRU
650 7 _2UDC
999 _c308829
_d308829